[Event "TCh-TUR Super League 2015"]
[Site "Kocaeli TUR"]
[Date "2015.08.12"]
[Round "9.1"]
[White "Fedorchuk, Sergey A."]
[Black "Benidze, Davit"]
[Result "1/2-1/2"]
[WhiteTitle "GM"]
[BlackTitle "GM"]
[WhiteElo "2653"]
[BlackElo "2469"]
[WhiteTeam "Kayseri Seker Sports Club"]
[BlackTeam "Kahramanmaras Buyuksehir Belediye Sports Club"]
[WhiteFideId "14102536"]
[BlackFideId "13603086"]
[EventDate "2015.08.04"]

1. e4 c5 2. Nf3 Nc6 3. Nc3 g6 4. d4 cxd4 5. Nxd4 Bg7 6. Be3 Nf6 7. Bc4 O-O 8.
Bb3 d6 9. f3 Nxd4 10. Bxd4 Be6 11. Qd2 Qa5 12. O-O Nd7 13. Bxg7 Kxg7 14. Kh1
Rac8 15. f4 Bc4 16. Rfe1 Qb6 17. Rad1 Nf6 18. Re3 Rfd8 19. Nd5 Bxd5 20. exd5 a5
21. a4 Re8 22. Rde1 Rc7 23. h3 Qc5 24. Kh2 Kf8 25. Rd3 Kg7 26. Re2 Rb8 27. Qe1
Re8 28. Rc3 Qb6 29. Rce3 Qd4 30. Qxa5 b6 31. Qd2 Qxb2 32. Qd3 Nd7 33. Qb5 Qf6
34. Re4 Kf8 35. Rb4 Ra8 36. Qd3 Ra5 37. Qe3 Rac5 38. Qd2 1/2-1/2

[Event "TCh-TUR Super League 2015"]
[Site "Kocaeli TUR"]
[Date "2015.08.12"]
[Round "9.1"]
[White "Soysal, Serkan"]
[Black "Kanmazalp, Ogulcan"]
[Result "1/2-1/2"]
[WhiteTitle "FM"]
[BlackTitle "IM"]
[WhiteElo "2293"]
[BlackElo "2468"]
[WhiteTeam "Kahramanmaras Buyuksehir Belediye Sports Club"]
[BlackTeam "Kayseri Seker Sports Club"]
[WhiteFideId "6349250"]
[BlackFideId "6304990"]
[EventDate "2015.08.04"]

1. d4 d5 2. c4 c6 3. Nc3 Nf6 4. e3 e6 5. Nf3 a6 6. Bd3 dxc4 7. Bxc4 b5 8. Bd3 c5
9. dxc5 Bxc5 10. a4 b4 11. Ne4 Nxe4 12. Bxe4 Qxd1+ 13. Kxd1 Ra7 14. b3 Bb7 15.
Bxb7 Rxb7 16. Bb2 f6 17. Rc1 Rc7 18. Ke2 Ke7 19. Rc2 Rhc8 20. Rhc1 Nd7 1/2-1/2

[Event "TCh-TUR Super League 2015"]
[Site "Kocaeli TUR"]
[Date "2015.08.12"]
[Round "9.1"]
[White "Yilmazyerli, Mert"]
[Black "Isik, Engin Yasar"]
[Result "1-0"]
[WhiteTitle "IM"]
[WhiteElo "2450"]
[BlackElo "2188"]
[WhiteTeam "Kayseri Seker Sports Club"]
[BlackTeam "Kahramanmaras Buyuksehir Belediye Sports Club"]
[WhiteFideId "6305962"]
[BlackFideId "6301886"]
[EventDate "2015.08.04"]

1. e4 e6 2. d4 d5 3. Bd3 c5 4. c3 Nf6 5. exd5 Nxd5 6. Nf3 Nc6 7. O-O cxd4 8.
cxd4 Bb4 9. a3 Ba5 10. Bg5 f6 11. Be3 O-O 12. Qc2 f5 13. Nc3 Nxe3 14. fxe3 Bb6
15. Rad1 Qf6 16. Na4 Qh6 17. Nxb6 Qxe3+ 18. Kh1 axb6 19. Qb3 Ne7 20. Rfe1 Qh6
21. Bc4 Ng6 22. Bxe6+ Kh8 23. d5 Nf4 24. Qxb6 Qf6 25. Qe3 Bxe6 26. dxe6 Ng6 27.
Qb3 Rae8 28. Rd7 h6 29. Rxb7 Nf4 30. e7 Rg8 31. Rb6 1-0

[Event "TCh-TUR Super League 2015"]
[Site "Kocaeli TUR"]
[Date "2015.08.12"]
[Round "9.1"]
[White "Isgandarova, Khayala"]
[Black "Atalik, Ekaterina"]
[Result "0-1"]
[WhiteTitle "WIM"]
[BlackTitle "IM"]
[WhiteElo "2245"]
[BlackElo "2382"]
[WhiteTeam "Kahramanmaras Buyuksehir Belediye Sports Club"]
[BlackTeam "Kayseri Seker Sports Club"]
[WhiteFideId "13401823"]
[BlackFideId "4130189"]
[EventDate "2015.08.04"]

1. e4 e5 2. Nf3 Nc6 3. Bb5 Nf6 4. d3 Bc5 5. O-O d6 6. c3 O-O 7. h3 Bb6 8. Nbd2
Ne7 9. Nc4 Ng6 10. Nxb6 axb6 11. Bc4 Be6 12. Bb3 Bxb3 13. Qxb3 h6 14. Re1 Re8
15. Be3 Qd7 16. Kh2 d5 17. exd5 Nxd5 18. Rad1 Rad8 19. Qc4 f5 20. Bc1 Kh7 21. a4
Qc6 22. Qxc6 bxc6 23. h4 Nf6 24. g3 c5 25. Kg2 e4 26. dxe4 fxe4 27. Nd2 e3 28.
Nf3 exf2 29. Kxf2 Rxd1 30. Rxd1 Ra8 31. b3 c4 32. bxc4 Rxa4 33. Nd2 Ne5 34. Nf3
Ra2+ 35. Ke3 Nfg4+ 36. Kf4 Rf2 0-1

[Event "TCh-TUR Super League 2015"]
[Site "Kocaeli TUR"]
[Date "2015.08.12"]
[Round "9.1"]
[White "Yurtseven, Melih"]
[Black "Yaran, Siar"]
[Result "1-0"]
[WhiteTitle "FM"]
[BlackTitle "CM"]
[WhiteElo "2299"]
[BlackElo "2179"]
[WhiteTeam "Kayseri Seker Sports Club"]
[BlackTeam "Kahramanmaras Buyuksehir Belediye Sports Club"]
[WhiteFideId "6312160"]
[BlackFideId "6323006"]
[EventDate "2015.08.04"]

1. Nf3 Nf6 2. g3 g6 3. b3 Bg7 4. Bb2 b6 5. c4 c5 6. Bg2 Bb7 7. O-O O-O 8. d3 d5
9. cxd5 Qxd5 10. Nc3 Qd7 11. Qd2 Nc6 12. e3 Rad8 13. Rfd1 e5 14. Rac1 Rfe8 15.
Qc2 Qc8 16. Qb1 Qa8 17. Nd2 Nb4 18. Nde4 Nbd5 19. Nb5 Re7 20. Nbd6 Bc6 21. a3
Ne8 22. Nc4 Ndc7 23. Bf1 f5 24. Ned2 e4 25. dxe4 fxe4 26. b4 Ba4 27. Bxg7 Nxg7
28. Nb3 Rxd1 29. Rxd1 b5 30. Nd6 c4 31. Nc5 Bxd1 32. Qxd1 Qd8 33. Ncb7 Qd7 34.
Nc5 Qd8 35. Ncb7 Qf8 36. Nc5 Nge8 37. Nxb5 Nxb5 38. Bxc4+ Kg7 39. Bxb5 Qf6 40.
Bc4 Nd6 41. Bd5 Nb5 42. Nxe4 Nc3 43. Nxc3 Qxc3 44. b5 Qxa3 45. Qd4+ Kh6 46. Qh4+
Kg7 47. Qd4+ Kh6 48. Qf6 Rd7 49. Bc6 Rd1+ 50. Kg2 Qd6 51. Qf7 a5 52. h4 Rc1 53.
g4 Rxc6 54. g5+ Kh5 55. Qxh7+ Kg4 56. f3+ Kf5 57. Qf7+ Ke5 58. Qe8+ Kd5 59.
Qxc6+ 1-0

[Event "TCh-TUR Super League 2015"]
[Site "Kocaeli TUR"]
[Date "2015.08.12"]
[Round "9.1"]
[White "Karaoglan, Kivanc"]
[Black "Ozen, Deniz"]
[Result "1/2-1/2"]
[BlackTitle "FM"]
[WhiteElo "1981"]
[BlackElo "2066"]
[WhiteTeam "Kahramanmaras Buyuksehir Belediye Sports Club"]
[BlackTeam "Kayseri Seker Sports Club"]
[WhiteFideId "6329152"]
[BlackFideId "6349196"]
[EventDate "2015.08.04"]

1. d4 d5 2. c4 e6 3. Nf3 Nf6 4. cxd5 exd5 5. Nc3 c6 6. Bg5 Be7 7. Qc2 O-O 8. e3
Nbd7 9. Bd3 Re8 10. O-O Nf8 11. h3 Ng6 12. Bxf6 Bxf6 13. b4 a6 14. a4 Be6 15. b5
axb5 16. axb5 Rxa1 17. Rxa1 cxb5 18. Nxb5 Qd7 19. Qb3 Rd8 20. Rb1 Nh4 21. Nxh4
Bxh4 22. Nc3 Rb8 23. Be2 Qc6 24. Bf3 Rd8 25. Ne2 Rd7 26. Rc1 Qd6 27. Nf4 Bd8 28.
Rc5 b6 29. Rb5 Ra7 30. g4 Ra3 31. Qb2 Ra5 32. Rxa5 bxa5 33. Qb5 g5 34. Nxd5 a4
35. Nc3 a3 36. d5 Bd7 37. Qc4 Qe5 38. Qb3 Be7 39. Kf1 Bf6 1/2-1/2

[Event "TCh-TUR Super League 2015"]
[Site "Kocaeli TUR"]
[Date "2015.08.12"]
[Round "9.1"]
[White "Aksoy, Ayca"]
[Black "Ayan, Bengu Sena"]
[Result "1-0"]
[WhiteElo "1758"]
[BlackElo "1693"]
[WhiteTeam "Kayseri Seker Sports Club"]
[BlackTeam "Kahramanmaras Buyuksehir Belediye Sports Club"]
[WhiteFideId "6355978"]
[BlackFideId "6346120"]
[EventDate "2015.08.04"]

1. Nf3 d5 2. d4 c6 3. c4 Nf6 4. Nc3 Nbd7 5. e3 e6 6. Qc2 Bd6 7. Be2 dxc4 8. Bxc4
b5 9. Be2 Bb7 10. O-O a6 11. Rd1 Qc7 12. h3 c5 13. dxc5 Bxc5 14. Bd2 O-O 15.
Rac1 Rac8 16. a3 Ne5 17. Nd4 Rfd8 18. Nb3 Qc6 19. e4 Nxe4 20. Qxe4 Qc7 21. Qh4
Ng6 22. Qg5 Be7 23. Qe3 Nh4 24. Nd5 Qd6 25. Bb4 Nxg2 26. Bxd6 Nxe3 27. Nxe7+ Kh8
28. fxe3 Rxc1 29. Nxc1 Bd5 30. Bb4 Rd7 31. Nxd5 1-0

[Event "TCh-TUR Super League 2015"]
[Site "Kocaeli TUR"]
[Date "2015.08.12"]
[Round "9.2"]
[White "Berkes, Ferenc"]
[Black "Cheparinov, Ivan"]
[Result "1/2-1/2"]
[WhiteTitle "GM"]
[BlackTitle "GM"]
[WhiteElo "2659"]
[BlackElo "2690"]
[WhiteTeam "T.S Alyans Satranc Sports Club"]
[BlackTeam "Turk Hava Yollari (Thy) Sports Club"]
[WhiteFideId "718572"]
[BlackFideId "2905540"]
[EventDate "2015.08.04"]

1. d4 Nf6 2. c4 g6 3. Nf3 Bg7 4. g3 c6 5. Bg2 d5 6. cxd5 cxd5 7. Nc3 O-O 8. Ne5
Bf5 9. O-O Ne4 10. Bf4 Nxc3 11. bxc3 Nc6 12. Nxc6 bxc6 13. Qa4 1/2-1/2

[Event "TCh-TUR Super League 2015"]
[Site "Kocaeli TUR"]
[Date "2015.08.12"]
[Round "9.2"]
[White "Salgado Lopez, Ivan"]
[Black "Haznedaroglu, Kivanc"]
[Result "1-0"]
[WhiteTitle "GM"]
[BlackTitle "GM"]
[WhiteElo "2615"]
[BlackElo "2451"]
[WhiteTeam "Turk Hava Yollari (Thy) Sports Club"]
[BlackTeam "T.S Alyans Satranc Sports Club"]
[WhiteFideId "2257327"]
[BlackFideId "6300634"]
[EventDate "2015.08.04"]

1. e4 e5 2. Nf3 Nc6 3. d4 exd4 4. Nxd4 Bb4+ 5. c3 Bc5 6. Be3 Bb6 7. Nf5 g6 8.
Bxb6 axb6 9. Ne3 Nf6 10. f3 Qe7 11. c4 Qb4+ 12. Qd2 Qxd2+ 13. Kxd2 d6 14. Nc3
Bd7 15. Bd3 O-O-O 16. Rad1 Rde8 17. Bb1 Nd8 18. Ke2 Ne6 19. Kf2 Ng7 20. Bc2 Rhf8
21. Rhe1 Ng8 22. b3 Kb8 23. a4 Rd8 24. Rd2 Bc8 25. Ncd5 f5 26. exf5 Nxf5 27.
Nxf5 Bxf5 28. Bxf5 Rxf5 29. Rde2 Nf6 30. Nxf6 Rxf6 31. Re7 h5 32. Rg7 d5 33.
cxd5 b5 34. Re6 Rf4 35. Re4 Rf6 36. Re6 Rf4 37. axb5 Rb4 38. b6 cxb6 39. Ree7
Ka7 40. Rxb7+ Ka6 41. Ra7+ Kb5 42. Rxg6 Rxd5 43. Rag7 Rxb3 44. Rg5 Rc5 45. h4
Rb4 46. Kg3 Ka4 47. Rh7 Rc2 48. Rhxh5 Rbb2 49. Kh2 b5 50. Rh8 b4 51. h5 Rc4 52.
Kg3 Rcc2 53. Kh2 Rc4 54. Rg4 Rbc2 55. Ra8+ Kb3 56. Rxc4 Rxc4 57. g4 1-0

[Event "TCh-TUR Super League 2015"]
[Site "Kocaeli TUR"]
[Date "2015.08.12"]
[Round "9.2"]
[White "Arduman, Can"]
[Black "Dastan, Muhammed Batuhan"]
[Result "1/2-1/2"]
[WhiteTitle "IM"]
[BlackTitle "IM"]
[WhiteElo "2328"]
[BlackElo "2448"]
[WhiteTeam "T.S Alyans Satranc Sports Club"]
[BlackTeam "Turk Hava Yollari (Thy) Sports Club"]
[WhiteFideId "6300022"]
[BlackFideId "6300014"]
[EventDate "2015.08.04"]

1. Nf3 d5 2. c4 c6 3. d4 Nf6 4. Nbd2 Bf5 5. Nh4 Bc8 6. Nhf3 g6 7. g3 Bg7 8. Bg2
O-O 9. O-O Ne4 10. Qb3 e6 11. Qc2 f5 12. b3 Nd7 13. Bb2 Ndf6 14. Ne5 Qa5 15.
Nxe4 dxe4 16. c5 Nd5 17. Nc4 Qc7 18. f3 exf3 19. Rxf3 Nf6 20. Nd6 Ne8 21. Nc4
Nf6 22. Nd6 Ne8 23. Nc4 1/2-1/2

[Event "TCh-TUR Super League 2015"]
[Site "Kocaeli TUR"]
[Date "2015.08.12"]
[Round "9.2"]
[White "Kerigan, Demre"]
[Black "Sirin, Atakan"]
[Result "0-1"]
[WhiteTitle "IM"]
[WhiteElo "2406"]
[BlackElo "2243"]
[WhiteTeam "Turk Hava Yollari (Thy) Sports Club"]
[BlackTeam "T.S Alyans Satranc Sports Club"]
[WhiteFideId "6307841"]
[BlackFideId "6303307"]
[EventDate "2015.08.04"]

1. e4 c5 2. Nf3 Nc6 3. d4 cxd4 4. Nxd4 g6 5. c4 Nf6 6. Nc3 Nxd4 7. Qxd4 d6 8.
Be2 Bg7 9. Be3 O-O 10. Qd2 a5 11. O-O a4 12. f3 Qa5 13. Rac1 Be6 14. Nd5 Qxd2
15. Nxe7+ Kh8 16. Bxd2 Rfe8 17. Nd5 Nxd5 18. cxd5 Bxd5 19. Bc4 Bd4+ 20. Kh1 Bxc4
21. Rxc4 Bxb2 22. Rb4 Be5 23. Rxb7 Reb8 24. Rfb1 Rxb7 25. Rxb7 Kg7 26. f4 Bd4
27. Rb4 Bc5 28. Bc3+ Kf8 29. Rb7 Re8 30. e5 dxe5 31. fxe5 Rd8 32. Rb1 Rd3 33.
Ba5 Ke7 34. g3 Ke6 35. Rc1 Be3 36. Rc4 Ra3 37. Rc2 Kxe5 38. Kg2 h5 39. Kf1 Bd4
40. Bd2 Ke4 41. Ke2 h4 42. Rc7 hxg3 43. hxg3 Rxa2 44. Re7+ Be5 0-1

[Event "TCh-TUR Super League 2015"]
[Site "Kocaeli TUR"]
[Date "2015.08.12"]
[Round "9.2"]
[White "Ushenina, Anna"]
[Black "Yildiz, Betul Cemre"]
[Result "1-0"]
[WhiteTitle "GM"]
[BlackTitle "WGM"]
[WhiteElo "2435"]
[BlackElo "2345"]
[WhiteTeam "T.S Alyans Satranc Sports Club"]
[BlackTeam "Turk Hava Yollari (Thy) Sports Club"]
[WhiteFideId "14110911"]
[BlackFideId "6302920"]
[EventDate "2015.08.04"]

1. e4 e5 2. Nc3 Nf6 3. g3 d5 4. exd5 Nxd5 5. Bg2 Nxc3 6. bxc3 Bc5 7. Nf3 Nc6 8.
O-O O-O 9. Re1 Qf6 10. d3 Bg4 11. h3 Bh5 12. Rb1 Bb6 13. g4 Bg6 14. Bg5 Qd6 15.
Nh4 f5 16. Nxg6 Qxg6 17. Be3 f4 18. Bxb6 axb6 19. Rb5 Kh8 20. Bxc6 Qxc6 21. c4
Rxa2 22. Rbxe5 Raa8 23. Qe2 h6 24. Re7 Qc5 25. Qe4 Ra2 26. Qg6 Qd4 27. Rf7 Raa8
28. Rxc7 Ra1 29. Re7 Qc3 30. Qe4 Rxe1+ 31. Qxe1 Qxc2 32. Qe5 Qc1+ 33. Kh2 Rg8
34. Re6 Kh7 35. Rxb6 Qd2 36. Qe4+ Kh8 37. Qd4 Rf8 38. Rxb7 Rf6 39. Rb8+ Kh7 40.
Qe4+ Rg6 41. Kg2 h5 42. Rb6 f3+ 43. Kh1 1-0

[Event "TCh-TUR Super League 2015"]
[Site "Kocaeli TUR"]
[Date "2015.08.12"]
[Round "9.2"]
[White "Baglan, Esat"]
[Black "Koksal, Ege"]
[Result "1-0"]
[WhiteTitle "FM"]
[BlackTitle "FM"]
[WhiteElo "2280"]
[BlackElo "2347"]
[WhiteTeam "Turk Hava Yollari (Thy) Sports Club"]
[BlackTeam "T.S Alyans Satranc Sports Club"]
[WhiteFideId "6309216"]
[BlackFideId "6317626"]
[EventDate "2015.08.04"]

1. e4 e5 2. Nf3 Nc6 3. Bb5 a6 4. Ba4 Nf6 5. O-O Be7 6. Re1 b5 7. Bb3 d6 8. c3
O-O 9. h3 Nb8 10. d4 Nbd7 11. Nbd2 Bb7 12. Bc2 Re8 13. Nf1 Bf8 14. Ng3 g6 15. a4
c5 16. d5 c4 17. Bg5 Bg7 18. Qd2 Nc5 19. Bh6 Bh8 20. Nh2 Qb6 21. Ng4 Nxg4 22.
hxg4 Bc8 23. Nf5 Qd8 24. Bg5 Bf6 25. Nh6+ Kg7 26. Be3 Bd7 27. a5 Be7 28. g3 Nb7
29. Kg2 Nxa5 30. Rh1 Rh8 31. f4 Nb3 32. Bxb3 cxb3 33. Raf1 Be8 34. g5 Qc8 35.
fxe5 dxe5 36. d6 f5 37. dxe7 Qc6 38. Qd5 Qxd5 39. exd5 Bd7 40. Bc5 1-0

[Event "TCh-TUR Super League 2015"]
[Site "Kocaeli TUR"]
[Date "2015.08.12"]
[Round "9.2"]
[White "Dedebas, Emre Emin"]
[Black "Eren, Ataberk"]
[Result "1/2-1/2"]
[WhiteElo "1975"]
[BlackElo "1997"]
[WhiteTeam "T.S Alyans Satranc Sports Club"]
[BlackTeam "Turk Hava Yollari (Thy) Sports Club"]
[WhiteFideId "6349005"]
[BlackFideId "6349765"]
[EventDate "2015.08.04"]

1. d4 Nf6 2. Nf3 e6 3. g3 b6 4. Bg2 Bb7 5. O-O Be7 6. c4 d5 7. cxd5 Nxd5 8. Nc3
O-O 9. Qc2 Nd7 10. Nxd5 Bxd5 11. e4 Bb7 12. Rd1 Rc8 13. Bf4 Nf6 14. Ne5 Bd6 15.
Qe2 Nd7 16. h4 f6 17. Nd3 Bxf4 18. Nxf4 Qe7 19. Bh3 e5 20. dxe5 Nxe5 21. Bxc8
Bxc8 22. Nd5 Qf7 23. Ne3 Qg6 24. Nf5 Bxf5 25. exf5 Qxf5 26. Kg2 c6 27. Re1 Kh8
28. Rad1 h5 29. Qe4 Qxe4+ 30. Rxe4 Rf7 31. Red4 Re7 32. Re1 Rc7 33. Rd8+ Kh7 34.
f4 Ng4 35. f5 Nh6 36. Ree8 Nxf5 37. Kf3 c5 38. g4 hxg4+ 39. Kxg4 Nh6+ 40. Kf3
Kg6 41. Rc8 Rd7 42. Rcd8 Rc7 43. Rc8 Rd7 44. Rcd8 Rc7 45. Ke4 1/2-1/2

[Event "TCh-TUR Super League 2015"]
[Site "Kocaeli TUR"]
[Date "2015.08.12"]
[Round "9.2"]
[White "Dogan, Sevval"]
[Black "Ozbay, Ece"]
[Result "1/2-1/2"]
[BlackTitle "WCM"]
[WhiteElo "1737"]
[BlackElo "1804"]
[WhiteTeam "Turk Hava Yollari (Thy) Sports Club"]
[BlackTeam "T.S Alyans Satranc Sports Club"]
[WhiteFideId "6322565"]
[BlackFideId "6351743"]
[EventDate "2015.08.04"]

1. e4 c5 2. Nf3 Nc6 3. d4 cxd4 4. Nxd4 g6 5. c4 Nf6 6. Nc3 d6 7. Be2 Nxd4 8.
Qxd4 Bg7 9. Be3 O-O 10. Qd2 a5 11. f3 Be6 12. b3 Nd7 13. O-O Nc5 14. Rab1 Qd7
15. Nd5 Bxd5 16. cxd5 Rfc8 17. Rfc1 Rc7 18. a4 Qc8 19. Bb5 Qb8 20. Qf2 Qa7 21.
Rc2 Rb8 22. Rbc1 b6 23. Bc4 Nd7 24. Qe2 Rbc8 25. Qf2 Qb7 26. h4 h5 27. Bb5 Rxc2
28. Rxc2 Rxc2 29. Qxc2 Nc5 30. Qc4 Bf6 31. g3 Kh7 32. Kg2 Qc8 33. Bc6 Qc7 34.
Qb5 Kg7 35. Qc4 Kh7 36. Qb5 Kg7 37. Qc4 Kh7 38. Kf2 Qc8 39. Kg2 Qc7 40. Kf2 Qc8
41. Kg2 1/2-1/2

[Event "TCh-TUR Super League 2015"]
[Site "Kocaeli TUR"]
[Date "2015.08.12"]
[Round "9.3"]
[White "Oz, Ozan"]
[Black "Ali Marandi, Cemil Can"]
[Result "1/2-1/2"]
[BlackTitle "IM"]
[WhiteElo "1807"]
[BlackElo "2414"]
[WhiteTeam "Pamukkale Yonetimi Bilisim Sistemleri Zeka"]
[BlackTeam "Hatay Buyuksehir Belediyesi Genclik Sports Club"]
[WhiteFideId "6349188"]
[BlackFideId "6300529"]
[EventDate "2015.08.04"]

1. d4 d5 2. Nc3 Nf6 3. Bf4 c6 4. f3 e6 5. e4 Be7 6. Qd2 b5 7. a3 a5 8. e5 Nfd7
9. Nd1 Qb6 10. c3 c5 11. Be3 Nc6 12. f4 f5 13. dxc5 Bxc5 14. Nf3 O-O 15. Be2 a4
16. Nd4 Na5 17. O-O Ba6 18. Rb1 Rfe8 19. Qe1 Qb7 20. Nf2 Nc4 21. Bxc4 dxc4 22.
Rd1 Bf8 23. Nc2 Qc6 24. Nh3 Bb7 25. Qf2 Nc5 26. Bxc5 Bxc5 27. Nd4 Qb6 28. Rd2
Rad8 29. Rfd1 Rd7 30. Ng5 Red8 31. Ngf3 h6 32. h4 Be4 33. Qe3 Kf7 34. Kf1 Qb7
35. Kf2 g6 36. Kg3 Rd5 37. Kf2 Qb6 38. Kf1 R8d7 39. Kf2 Qd8 40. Kg3 Ke8 41. Qg1
Qb6 42. Qe3 Kd8 43. Qe2 Kc8 44. Kh3 Kb7 45. Qe1 Rg7 46. Qg3 Rdd7 47. Kh2 Bd5 48.
Kg1 Ka6 49. Kf1 Qd8 50. Ke2 Qa8 51. Nc2 Rg8 1/2-1/2

[Event "TCh-TUR Super League 2015"]
[Site "Kocaeli TUR"]
[Date "2015.08.12"]
[Round "9.2"]
[White "Ari, Zeki"]
[Black "Kinsiz, Onur"]
[Result "1-0"]
[WhiteTitle "FM"]
[WhiteElo "2192"]
[BlackElo "2250"]
[WhiteTeam "Kocaeli Buyuksehir Belediyesi Kagit Sports Club"]
[BlackTeam "Istanbul Technical University Sports Club"]
[WhiteFideId "6300421"]
[BlackFideId "6301517"]
[EventDate "2015.08.04"]

1. d4 Nf6 2. Nf3 e6 3. g3 b6 4. Bg2 Bb7 5. O-O g6 6. c4 Bg7 7. Nc3 Ne4 8. Bd2
O-O 9. Rc1 d6 10. Qc2 Nxd2 11. Qxd2 Nd7 12. Rfd1 Qe7 13. b4 Rfd8 14. e4 c5 15.
bxc5 bxc5 16. d5 Nb6 17. Bf1 Ba6 18. Nb1 exd5 19. exd5 Qf6 20. Kg2 Re8 21. Qa5
Bc8 22. Nbd2 Bd7 23. Re1 Rxe1 24. Rxe1 Qc3 25. Qxc3 Bxc3 26. Re3 Bg7 27. Ne4 Nc8
28. Rb3 f5 29. Neg5 Nb6 30. h4 h6 31. Nh3 Re8 32. Bd3 Bc8 33. Ra3 Re7 34. Nf4
Kf7 35. h5 g5 36. Ng6 Rb7 37. Rb3 Bd7 38. Rb1 Rb8 39. a4 Bxa4 40. Bxf5 Bf6 41.
Nh2 Bd7 42. Ng4 Bg7 43. Be6+ Bxe6 44. dxe6+ Kxe6 45. Re1+ Be5 46. f4 Nxc4 47.
fxe5 d5 48. Nxh6 d4 49. Ng4 d3 50. Rf1 Rd8 51. h6 d2 52. h7 Nb2 53. Ne3 c4 54.
Nf8+ 1-0

[Event "TCh-TUR Super League 2015"]
[Site "Kocaeli TUR"]
[Date "2015.08.12"]
[Round "9.3"]
[White "Amonatov, Farrukh"]
[Black "Morchiashvili, Bachana"]
[Result "1-0"]
[WhiteTitle "GM"]
[BlackTitle "IM"]
[WhiteElo "2592"]
[BlackElo "2318"]
[WhiteTeam "Hatay Buyuksehir Belediyesi Genclik Sports Club"]
[BlackTeam "Pamukkale Yonetimi Bilisim Sistemleri Zeka"]
[WhiteFideId "14700077"]
[BlackFideId "13602535"]
[EventDate "2015.08.04"]

1. e4 c6 2. d4 d5 3. e5 Bf5 4. h4 h5 5. c4 e6 6. Nc3 Be7 7. Nge2 Nd7 8. Nf4 g6
9. g3 dxc4 10. Bxc4 Qb6 11. Be2 Rd8 12. Qa4 Nh6 13. O-O Kf8 14. Nd1 Be4 15. Nc3
Bd5 16. Bd3 a6 17. Be3 Kg7 18. Qc2 Nf5 19. Ncxd5 cxd5 20. Bxf5 gxf5 21. Qe2 Rdg8
22. Rac1 Qd8 23. Rc3 Nb8 24. Rfc1 Nc6 25. a3 Rh7 26. b4 Qb6 27. Nxh5+ Kh8 28.
Kf1 Rg4 29. Nf6 Bxf6 30. exf6 Rh5 31. Rc5 Qd8 32. b5 axb5 33. Qxb5 Qxf6 34. Qxb7
f4 35. gxf4 Nxd4 36. Rc8+ Kh7 37. Bxd4 Qxd4 38. Qxf7+ Kh6 39. Qxe6+ Rg6 40. Qe3
Qb6 41. Rh8+ 1-0

[Event "TCh-TUR Super League 2015"]
[Site "Kocaeli TUR"]
[Date "2015.08.12"]
[Round "9.3"]
[White "Korkmaz, Necmettin"]
[Black "Yurtsever, Senel"]
[Result "0-1"]
[WhiteElo "2098"]
[BlackElo "1843"]
[WhiteTeam "Hatay Buyuksehir Belediyesi Genclik Sports Club"]
[BlackTeam "Pamukkale Yonetimi Bilisim Sistemleri Zeka"]
[WhiteFideId "6303285"]
[BlackFideId "6390005"]
[EventDate "2015.08.04"]

1. e4 c6 2. d4 d5 3. Nc3 dxe4 4. Nxe4 Nd7 5. Ng5 e6 6. N1f3 Ngf6 7. Bd3 h6 8.
Ne4 Nxe4 9. Bxe4 Nf6 10. Bd3 Bd6 11. O-O Qc7 12. c4 O-O 13. c5 Bf4 14. Qe2 Rd8
15. Rd1 Rd5 16. g3 Bxc1 17. Raxc1 Qd8 18. Bc4 Rd7 19. Ne5 Re7 20. b4 Bd7 21. a4
a6 22. Bd3 Be8 23. Bb1 Kf8 24. Rc3 Nd5 25. Rf3 f5 26. g4 g6 27. Kh1 Rg7 28. gxf5
gxf5 29. Bxf5 exf5 30. Rxf5+ Kg8 31. Qf3 Qe7 32. Ng4 h5 33. Rf8+ Qxf8 34. Nh6+
Kh7 35. Qxf8 Bg6 36. Qf3 Re8 37. Nf5 Rf7 38. Rg1 Rxf5 39. Qg3 Nf4 40. f3 Re2 41.
b5 Rd2 42. Re1 Rxd4 43. Re7+ Kh6 44. h4 Rxc5 45. Re4 Rxe4 46. fxe4 Bxe4+ 47. Kh2
Rc2+ 48. Kg1 0-1

[Event "TCh-TUR Super League 2015"]
[Site "Kocaeli TUR"]
[Date "2015.08.12"]
[Round "9.3"]
[White "Celik, Eda"]
[Black "Altinoz, Fevziye Ece"]
[Result "1-0"]
[WhiteElo "1656"]
[BlackElo "1543"]
[WhiteTeam "Pamukkale Yonetimi Bilisim Sistemleri Zeka"]
[BlackTeam "Hatay Buyuksehir Belediyesi Genclik Sports Club"]
[WhiteFideId "6351727"]
[BlackFideId "6358942"]
[EventDate "2015.08.04"]

1. e4 c5 2. Nf3 d6 3. Bb5+ Bd7 4. Bxd7+ Qxd7 5. O-O Nc6 6. c3 Nf6 7. Re1 e6 8.
d4 cxd4 9. cxd4 d5 10. e5 Ne4 11. Nbd2 Nxd2 12. Bxd2 Be7 13. Rc1 O-O 14. Rc3
Rac8 15. a3 Rc7 16. Rd3 Rfc8 17. h4 Bd8 18. Ng5 h6 19. Nh3 Ne7 20. Qh5 Nf5 21.
Qg4 Qb5 22. Nf4 Bxh4 23. Bc3 Bg5 24. Rh3 Bxf4 25. Qxf4 Rf8 26. g4 Ne7 27. Kg2
Ng6 28. Qg3 Qd7 29. g5 hxg5 30. Qxg5 Qe7 31. Qg4 Re8 32. Bb4 Qd8 33. Reh1 Qc8
34. Kf3 a5 35. Qh5 1-0

[Event "TCh-TUR Super League 2015"]
[Site "Kocaeli TUR"]
[Date "2015.08.12"]
[Round "9.2"]
[White "Tarlabasi, Emirhan"]
[Black "Kucumenler, Tarkan"]
[Result "1/2-1/2"]
[WhiteElo "2004"]
[BlackElo "2050"]
[WhiteTeam "Istanbul Technical University Sports Club"]
[BlackTeam "Kocaeli Buyuksehir Belediyesi Kagit Sports Club"]
[WhiteFideId "6350275"]
[BlackFideId "6301010"]
[EventDate "2015.08.04"]

1. d4 Nf6 2. c4 g6 3. Nc3 d5 4. cxd5 Nxd5 5. e4 Nxc3 6. bxc3 Bg7 7. Bc4 O-O 8.
Ne2 c5 9. O-O Nc6 10. Be3 Qc7 11. Rc1 b6 12. Qd2 Bb7 13. Bh6 Rad8 14. Bxg7 Kxg7
15. Qe3 e5 16. d5 Na5 17. Bd3 c4 18. Bb1 Bc8 19. Ng3 Qe7 20. Kh1 Nb7 21. f4 f6
22. h4 Nd6 23. f5 gxf5 24. exf5 Kh8 25. Qf3 Bd7 26. Rce1 Qg7 27. Kh2 Rg8 28. Kh3
Be8 29. Rf2 Bf7 30. Rd1 Qh6 31. Rg1 Nb7 32. Ne4 Bxd5 33. g4 Nc5 34. Rg3 Rg7 35.
Qe2 Bxe4 36. Bxe4 b5 37. Bc2 Qc1 38. g5 Rdg8 39. Rf1 Qa3 40. Rfg1 Qxa2 41. gxf6
Rxg3+ 42. Rxg3 Rxg3+ 43. Kxg3 Nd7 44. Qd2 Nxf6 45. Qd6 Qxc2 46. Qxf6+ Kg8 47.
Qd8+ Kf7 48. Qd5+ Kf8 49. Qd6+ Kf7 50. Qe6+ Kf8 51. Qf6+ Kg8 52. Qe6+ Kf8 53.
Qxe5 Qd3+ 54. Kg4 Kf7 55. Qe6+ Kf8 56. Qf6+ Kg8 57. Qe6+ Kf8 58. Qf6+ Kg8 59.
Qe6+ 1/2-1/2